|
|
|
|
| LEADER |
00000naa2a2200000 4500 |
| 001 |
235619 |
| 005 |
20260105120510.0 |
| 035 |
|
|
|a (RuTPU)RU\TPU\book\256759
|
| 035 |
|
|
|a RU\TPU\book\256754
|
| 090 |
|
|
|a 235619
|
| 100 |
|
|
|a 20130412d2013 k y0rusy50 ca
|
| 101 |
0 |
|
|a rus
|
| 102 |
|
|
|a RU
|
| 135 |
|
|
|a drcn ---uucaa
|
| 181 |
|
0 |
|a i
|
| 182 |
|
0 |
|a b
|
| 200 |
1 |
|
|a Исследование оптического пробоя в ТЭНА в зависимости от воздействи импульсом первой и второй гармоники неодимового лазера
|f Г. Б. Жанкарашев
|g науч. рук. В. П. Ципилев
|
| 203 |
|
|
|a Текст
|c электронный
|
| 225 |
1 |
|
|a Оптические технологии
|
| 300 |
|
|
|a Заглавие с титульного экрана
|
| 320 |
|
|
|a [Библиогр.: с. 328 (4 назв.)]
|
| 337 |
|
|
|a Adobe Reader
|
| 461 |
|
1 |
|0 (RuTPU)RU\TPU\book\256460
|t Высокие технологии в современной науке и технике
|o сборник научных трудов II Всероссийской научно-технической конференции молодых ученых, аспирантов и студентов с международным участием, Томск, 27-29 марта 2013 г
|o в 2 т.
|f Национальный исследовательский Томский политехнический университет (ТПУ)
|d 2013
|
| 463 |
|
1 |
|0 (RuTPU)RU\TPU\book\256463
|t Т. 1
|v [С. 325-328]
|d 2013
|
| 610 |
1 |
|
|a труды учёных ТПУ
|
| 610 |
1 |
|
|a электронный ресурс
|
| 610 |
1 |
|
|a исследование
|
| 610 |
1 |
|
|a оптический пробой
|
| 610 |
1 |
|
|a тэны
|
| 610 |
1 |
|
|a импульсы
|
| 610 |
1 |
|
|a гармоники
|
| 610 |
1 |
|
|a лазеры
|
| 700 |
|
1 |
|a Жанкарашев
|b Г. Б.
|
| 702 |
|
1 |
|a Ципилев
|b В. П.
|c российский ученый, специалист в области лазерной и световой техники
|c профессор Томского политехнического университета, доктор физико-математических наук
|f 1940-
|g Владимир Папилович
|4 727
|
| 801 |
|
2 |
|a RU
|b 63413507
|c 20131118
|g RCR
|
| 856 |
4 |
|
|u http://www.lib.tpu.ru/fulltext/c/2013/C17/V1/087.pdf
|
| 942 |
|
|
|c CF
|